00342nam a2200121Ia 4500008004100000041000800041082001200049100002000061245004500081260005000126300003200176365001200208240624s9999 xx 000 0 und d aeng a200 BLA aBLANK REBECCA M aIS THE MARKET MORAL A DIALOGUE ON RELIGI c2004aWashingtonbBrookings Institution Press axiii, : 151 : p. : cm. ; 23 cBPSb25